00335nam a2200121 a 450000500170000000800410001702000180005805000180007610000190009424500470011326000350016044000180019520140414132106.0100902s19uu xx 00 eng d a9780545169936 aFICbM46 2006 aMeadows, Daisy aPippa the poppy fairy /cby Daisy Meadows. aNew York :bScholastic,c2006. aRainbow magic